000 00353nam a22001337a 4500
008 250313b |||||||| |||| 00| 0 eng d
020 _a837129044
050 _aHC107
_b.P37
100 _aPARKINS, E . A
245 _aThe South: Its Economic-Geographic Development
260 _aU.S.A
_bGreen word Press Publishers
_c1938
300 _a528p.
942 _cBK
999 _c2310
_d2310